Normal view
MARC view
- Novel, Macondo
Entry Topical Term
001 - CONTROL NUMBER
- control field: 134438
003 - CONTROL NUMBER IDENTIFIER
- control field: NUST
005 - DATE AND TIME OF LATEST TRANSACTION
- control field: 20260513144113.0
008 - FIXED-LENGTH DATA ELEMENTS
- fixed length control field: 260513|| aca||aabn | a|a d
040 ## - CATALOGING SOURCE
- Original cataloging agency: NUST
- Transcribing agency: NUST
150 ## - HEADING--TOPICAL TERM
- Topical term or geographic name entry element: Novel, Macondo
670 ## - SOURCE DATA FOUND
- Source citation: Work cat.: (NUST): Marquez, Gabriel Garcia 134437, One hundred years of solitude /, 1970 Reprinted 2021
